Du Mont Liban aux sierras d'Espagne : sols, eau et sociétés en Montagne : autour du projet Franco-Libanais CEDRE "Nahr Ibrahim" /
This volume presents the results of the CEDRE multidisciplinary project 'Nahr Ibrahim' that was led on the Lebanese mountain centred around the Nahr Ibrahim valley (the famous Adonis valley in antiquity), in the hinterland of the ancient city of Byblos. The history of settlement patterns a...
مؤلفون آخرون: ,
التنسيق: كتاب الكتروني
اللغة: French
منشور في:
Oxford :
Archaeopress Publishing Ltd,
[2015]
الموضوعات:
الوصول للمادة أونلاين: Login to view Source
الوسوم: إضافة وسم
رقم الطلب: DS81
| LEADER | 02008nam a2200397 i 4500 | ||
|---|---|---|---|
| 001 | EDZ0001353170 | ||
| 003 | StDuBDS | ||
| 005 | 20230412181554.0 | ||
| 006 | m|||||o||d|||||||| | ||
| 007 | cr ||||||||||| | ||
| 008 | 150601t20152015enka fo 000|0|fre|d | ||
| 020 | |a 9781784911362 (PDF ebook) : |c No price | ||
| 040 | |a StDuBDS |b eng |c StDuBDS |e rda |e pn | ||
| 050 | 4 | |a DS81 | |
| 082 | 0 | 4 | |a 939.44 |2 23 |
| 245 | 0 | 0 | |a Du Mont Liban aux sierras d'Espagne : |b sols, eau et sociétés en Montagne : autour du projet Franco-Libanais CEDRE "Nahr Ibrahim" / |c textes réunis par Romana Harfouche et Pierre Poupet. |
| 264 | 1 | |a Oxford : |b Archaeopress Publishing Ltd, |c [2015] | |
| 264 | 4 | |c ©2015 | |
| 300 | |a 1 online resource : |b illustrations (black and white) | ||
| 336 | |a text |2 rdacontent | ||
| 336 | |a still image |2 rdacontent | ||
| 337 | |a computer |2 rdamedia | ||
| 338 | |a online resource |2 rdacarrier | ||
| 520 | 8 | |a This volume presents the results of the CEDRE multidisciplinary project 'Nahr Ibrahim' that was led on the Lebanese mountain centred around the Nahr Ibrahim valley (the famous Adonis valley in antiquity), in the hinterland of the ancient city of Byblos. The history of settlement patterns and the construction of agricultural mountainous landscapes since the Early Bronze Age is examined, with comparisons from other regions surrounding the Mediterranean basin. | |
| 521 | |a Specialized. | ||
| 588 | |a Description based on online resource; title from home page (viewed on March 14, 2016). | ||
| 651 | 0 | |a Byblos (Extinct city) | |
| 650 | 0 | |a Excavations (Archaeology) |z Lebanon. | |
| 651 | 0 | |a Lebanon |x Antiquities. | |
| 700 | 1 | |a Harfouche, Romana, |e editor. | |
| 700 | 1 | |a Poupet, Pierre, |e editor. | |
| 776 | 0 | 8 | |i Print version : |z 9781784911355 |
| 856 | 4 | 0 | |3 Archaeopress |u http://library.arce.org:8087/Archaeopress/Products/9781784911355 |
| 942 | |2 lcc |c EBOOK | ||
| 952 | |0 0 |1 0 |4 0 |6 DS0081 |7 1 |9 46067 |a ARCH |b ARCH |d 2023-04-12 |l 0 |o DS81 |r 2023-04-12 00:00:00 |w 2023-04-12 |y EBOOK | ||
| 999 | |c 51725 |d 51725 | ||
